[Event "Asian Nations Cup w 2016"]
[Site "Abu Dhabi UAE"]
[Date "2016.04.04"]
[Round "8.2"]
[White "Hoang, Thi Bao Tram"]
[Black "Zhao, Xue"]
[Result "0-1"]
[WhiteTitle "WGM"]
[BlackTitle "GM"]
[WhiteElo "2283"]
[BlackElo "2504"]
[WhiteTeam "Vietnam"]
[BlackTeam "China"]
[WhiteFideId "12401102"]
[BlackFideId "8601283"]
[EventDate "2016.03.28"]

1. d4 Nf6 2. c4 e6 3. Nc3 Bb4 4. Qc2 O-O 5. a3 Bxc3+ 6. Qxc3 d6 7. Bg5 Nbd7 8.
f3 h6 9. Bh4 e5 10. e4 c6 11. Bf2 Re8 12. d5 Qc7 13. Rc1 b6 14. Bd3 a5 15. Ne2
Nc5 16. O-O Ba6 17. dxc6 a4 18. Rfd1 Qxc6 19. Ng3 g6 20. Be2 Kg7 21. h4 h5 22.
Qe3 Kh7 23. Qg5 Ng8 24. Rd5 Qc7 25. Rcd1 Ne6 26. Qd2 Ne7 27. Rxd6 Nd4 28. Rf6
Ng8 29. Bxd4 Nxf6 30. Bc3 Rad8 31. Qg5 Rxd1+ 32. Bxd1 Re6 33. Kh1 Bxc4 34. Bxa4
Ng8 35. Bb4 b5 36. Bc2 Rc6 37. Kh2 Be6 38. Bd3 f6 39. Qe3 Bc4 40. Ne2 Qd7 41.
Bxc4 bxc4 42. Nc3 Qd4 43. Qe2 f5 44. Nd5 fxe4 45. fxe4 Nh6 46. Be1 Ng4+ 47. Kh1
Qd3 48. Qf3 Kg7 49. Kg1 Rc8 50. Qxd3 cxd3 51. Bc3 Rc4 52. Kf1 Rxe4 53. Nb4 Ne3+
54. Ke1 Nc4+ 55. Kd1 d2 56. Nc2 Rxh4 57. Bxd2 Nxb2+ 58. Ke2 Rc4 59. Ne3 Rc8 60.
Bb4 Kf7 61. Nd5 Rc2+ 62. Kf3 Nd3 0-1

[Event "Asian Nations Cup w 2016"]
[Site "Abu Dhabi UAE"]
[Date "2016.04.04"]
[Round "8.3"]
[White "Tan, Zhongyi"]
[Black "Nguyen, Thi Mai Hung"]
[Result "1-0"]
[WhiteTitle "WGM"]
[BlackTitle "WGM"]
[WhiteElo "2518"]
[BlackElo "2282"]
[WhiteTeam "China"]
[BlackTeam "Vietnam"]
[WhiteFideId "8603642"]
[BlackFideId "12401676"]
[EventDate "2016.03.28"]

1. d4 d5 2. c4 e6 3. Nf3 Nf6 4. Nc3 Nbd7 5. cxd5 exd5 6. Bg5 Be7 7. e3 c6 8. Qc2
O-O 9. Bd3 Re8 10. O-O Nf8 11. h3 h6 12. Bf4 Ne6 13. Be5 a6 14. Rab1 Bd6 15.
Bxd6 Qxd6 16. b4 Ng5 17. Ne5 Qe7 18. f3 Nd7 19. f4 Ne6 20. Rbe1 Nef8 21. a3 Qd6
22. Qb3 b5 23. Ne4 Qc7 24. Nc5 Nb6 25. e4 Nc4 26. Qc3 Bd7 27. Bb1 a5 28. Nxc4
bxc4 29. f5 axb4 30. axb4 Qa7 31. f6 Qa3 32. Qd2 c3 33. Qf2 g6 34. e5 Be6 35.
Qe3 Kh7 36. Bc2 Reb8 37. Rf4 1-0

[Event "Asian Nations Cup w 2016"]
[Site "Abu Dhabi UAE"]
[Date "2016.04.04"]
[Round "8.4"]
[White "Nguyen, Thi Thanh An"]
[Black "Lei, Tingjie"]
[Result "1/2-1/2"]
[WhiteTitle "WGM"]
[BlackTitle "WGM"]
[WhiteElo "2239"]
[BlackElo "2495"]
[WhiteTeam "Vietnam"]
[BlackTeam "China"]
[WhiteFideId "12400300"]
[BlackFideId "8605114"]
[EventDate "2016.03.28"]

1. d4 Nf6 2. c4 g6 3. Nc3 d5 4. Nf3 Bg7 5. e3 O-O 6. b4 Nc6 7. b5 Na5 8. cxd5
Nxd5 9. Bd2 Nb6 10. Be2 Nac4 11. O-O e5 12. Be1 exd4 13. Nxd4 Qe7 14. Nd5 Nxd5
15. Bxc4 Nb6 16. Bb3 a6 17. Rc1 axb5 18. Nxb5 c6 19. Qd6 Qg5 20. Nc3 Be5 21. Ne4
Qf5 22. Qb4 Nd5 23. Bxd5 cxd5 24. Ng3 Qe6 25. a4 Bd6 26. Qd4 Be5 27. Qb4 Bd6 28.
Qd4 Be5 29. Qb4 Bd6 1/2-1/2

[Event "Asian Nations Cup w 2016"]
[Site "Abu Dhabi UAE"]
[Date "2016.04.04"]
[Round "8.1"]
[White "Saduakassova, Dinara"]
[Black "Muminova, Nafisa"]
[Result "1-0"]
[WhiteTitle "WGM"]
[BlackTitle "WGM"]
[WhiteElo "2411"]
[BlackElo "2318"]
[WhiteTeam "Kazakhstan"]
[BlackTeam "Uzbekistan"]
[WhiteFideId "13700090"]
[BlackFideId "14201526"]
[EventDate "2016.03.28"]

1. d4 d5 2. c4 c6 3. Nc3 Nf6 4. e3 Bf5 5. Nf3 e6 6. Nh4 Bg4 7. Qb3 Qc7 8. h3 Bh5
9. g4 Bg6 10. Nxg6 hxg6 11. Bg2 Nbd7 12. Bd2 Be7 13. Rc1 Qb8 14. a4 Nb6 15. cxd5
exd5 16. e4 dxe4 17. Nxe4 Nfd5 18. O-O O-O 19. a5 Nd7 20. a6 N7b6 21. Rfe1 Qc7
22. Nc3 Qd7 23. Nxd5 cxd5 24. Bf4 Bd6 25. axb7 Rab8 26. Bxd6 Qxd6 27. Rc5 Rxb7
28. Rxd5 Nxd5 29. Qxb7 Nf4 30. Qxa7 Qb4 31. Qe7 Qxd4 32. Qe4 Qd2 33. Qe3 Qb4 34.
b3 Rd8 35. Qe7 Rd6 36. Re4 Rd1+ 37. Kh2 Qd2 38. Qe8+ Kh7 39. Qxf7 Ne2 40. Re6
Qc2 41. Be4 Rh1+ 42. Bxh1 1-0

[Event "Asian Nations Cup w 2016"]
[Site "Abu Dhabi UAE"]
[Date "2016.04.04"]
[Round "8.2"]
[White "Kurbonboeva, Sarvinoz"]
[Black "Abdumalik, Zhansaya"]
[Result "1/2-1/2"]
[WhiteTitle "WIM"]
[BlackTitle "WGM"]
[WhiteElo "2172"]
[BlackElo "2381"]
[WhiteTeam "Uzbekistan"]
[BlackTeam "Kazakhstan"]
[WhiteFideId "14201780"]
[BlackFideId "13703544"]
[EventDate "2016.03.28"]

1. c4 c5 2. Nc3 Nc6 3. g3 g6 4. Bg2 Bg7 5. Nf3 e5 6. d3 Nge7 7. O-O O-O 8. Rb1
d5 9. cxd5 Nxd5 10. Nxe5 Nxc3 11. Nxc6 Qb6 12. Ne7+ Kh8 13. Nd5 Nxd1 14. Nxb6
axb6 15. Rxd1 Rxa2 16. Bd5 Ra4 17. Bd2 Bg4 18. f3 Be6 19. Bxe6 fxe6 20. Bc3 Rfa8
21. b3 Ra2 22. Bxg7+ Kxg7 23. Kf2 Rc2 24. Ra1 Ra5 25. Ke3 Kf6 26. f4 h5 27. h3
Rb2 28. Rdb1 Rxa1 29. Rxb2 h4 30. gxh4 Rh1 31. b4 Kf5 32. bxc5 bxc5 33. Rxb7
Rxh3+ 34. Kf2 Kxf4 35. Rf7+ Ke5 36. Rg7 Kf6 37. Rh7 Kf5 38. Rf7+ Ke5 39. Rg7
Rxh4 40. Rxg6 Kd5 41. Ke3 c4 42. dxc4+ Rxc4 43. Rg8 Rh4 44. Rd8+ Ke5 45. Kd3
Rh3+ 46. e3 Rh1 47. Ra8 Rd1+ 48. Ke2 Rb1 49. Kf3 Rb5 50. Rh8 Rb4 51. Ra8 Rb5 1/2-1/2

[Event "Asian Nations Cup w 2016"]
[Site "Abu Dhabi UAE"]
[Date "2016.04.04"]
[Round "8.3"]
[White "Davletbayeva, Madina"]
[Black "Gevorgyan, Irina"]
[Result "1/2-1/2"]
[WhiteTitle "WIM"]
[BlackTitle "WIM"]
[WhiteElo "2295"]
[BlackElo "2281"]
[WhiteTeam "Kazakhstan"]
[BlackTeam "Uzbekistan"]
[WhiteFideId "13703595"]
[BlackFideId "14201437"]
[EventDate "2016.03.28"]

1. e4 c5 2. Nf3 e6 3. c4 Nc6 4. Be2 Nf6 5. Nc3 b6 6. d4 cxd4 7. Nxd4 Bb7 8. O-O
Qb8 9. Kh1 Nxd4 10. Qxd4 Bc5 11. Qd3 Bb4 12. Bg5 Qd6 13. Nb5 Qxd3 14. Bxd3 Kf8
15. a3 Be7 16. f3 a6 17. Nc3 d6 18. Rfd1 Nd7 19. Bf4 g5 20. Bg3 Rb8 21. Bf1 Ne5
22. b4 f6 23. Na4 Bc6 24. b5 Be8 25. Bf2 Nxc4 26. Bxc4 axb5 27. Nxb6 bxc4 28.
Nxc4 Ba4 29. Rd2 Kg7 30. Nxd6 Rhd8 31. Bc5 Bxd6 32. Rxd6 Rxd6 33. Bxd6 Rb2 34.
Rc1 Bc2 35. h3 Kg6 36. Ra1 Ba4 37. Bb4 h5 38. Rc1 Bc2 39. Re1 Ba4 40. Kh2 e5 41.
Re3 Bb5 42. Re1 g4 43. hxg4 hxg4 44. Kg3 gxf3 45. gxf3 Rb3 46. Kf2 Rb2+ 47. Kg3
Rb3 48. Kf2 Rb2+ 49. Kg3 1/2-1/2

[Event "Asian Nations Cup w 2016"]
[Site "Abu Dhabi UAE"]
[Date "2016.04.04"]
[Round "8.4"]
[White "Tokhirjonova, Gulrukhbegim"]
[Black "Dauletova, Gulmira"]
[Result "0-1"]
[WhiteTitle "WIM"]
[BlackTitle "WIM"]
[WhiteElo "2259"]
[BlackElo "2269"]
[WhiteTeam "Uzbekistan"]
[BlackTeam "Kazakhstan"]
[WhiteFideId "14203626"]
[BlackFideId "13702971"]
[EventDate "2016.03.28"]

1. e4 c5 2. Nf3 e6 3. d4 cxd4 4. Nxd4 a6 5. c4 Nf6 6. Nc3 Qc7 7. Be2 b6 8. O-O
Bb7 9. Qc2 Nc6 10. Be3 Ne5 11. f3 Bd6 12. Kh1 Ng6 13. Bg1 h5 14. Bd3 h4 15. Nde2
Nh5 16. h3 Ngf4 17. Be3 Ng3+ 18. Nxg3 hxg3 19. Bxf4 Bxf4 20. Ne2 Be3 21. Qc3 Kf8
22. Bc2 Bf2 23. f4 Rc8 24. Nxg3 Qxf4 25. Ne2 Qe3 26. Qd3 Rxh3+ 27. gxh3 Bxe4+
28. Kh2 Bxd3 29. Bxd3 Rc5 30. Rad1 Rh5 31. Kg2 Rg5+ 32. Kh2 Qf3 33. Be4 Rg2+ 0-1

[Event "Asian Nations Cup w 2016"]
[Site "Abu Dhabi UAE"]
[Date "2016.04.04"]
[Round "8.1"]
[White "Ranasinghe, S D"]
[Black "Nomin-Erdene, Davaademberel"]
[Result "0-1"]
[WhiteTitle "WIM"]
[BlackTitle "IM"]
[WhiteElo "1740"]
[BlackElo "2489"]
[WhiteTeam "Sri Lanka"]
[BlackTeam "Mongolia"]
[WhiteFideId "9902651"]
[BlackFideId "4900782"]
[EventDate "2016.03.28"]

1. Nf3 d5 2. g3 Nc6 3. d4 Bf5 4. c3 Qd7 5. Bg2 f6 6. O-O Bh3 7. Nbd2 Bxg2 8.
Kxg2 e5 9. dxe5 fxe5 10. e4 O-O-O 11. exd5 Qxd5 12. Qb3 Nf6 13. Qxd5 Rxd5 14.
Nc4 e4 15. Ng5 b5 16. Nf7 Rg8 17. Ne3 Rd7 18. Ng5 Bc5 19. a4 b4 20. Ne6 Bd6 21.
Nf5 bxc3 22. bxc3 Be5 23. Ra3 Nd5 24. Nfd4 Na5 25. Nc5 Re7 26. Rd1 Nf6 27. Nb5
c6 28. Nd6+ Bxd6 29. Rxd6 Nd5 30. Bg5 Re5 31. Ne6 Nc7 32. Bd8 Nc4 33. Rxc6 Nxa3
34. Bxc7 Rxe6 35. Rxe6 Kxc7 36. Rxe4 Kd6 37. Rf4 Rc8 38. Rd4+ Kc6 39. Rb4 Rc7
40. a5 Nb5 41. c4 Nd6 0-1

[Event "Asian Nations Cup w 2016"]
[Site "Abu Dhabi UAE"]
[Date "2016.04.04"]
[Round "8.2"]
[White "Munguntuul, Batkhuyag"]
[Black "Udupitiya, U G S S S"]
[Result "1-0"]
[WhiteTitle "IM"]
[WhiteElo "2444"]
[BlackElo "1709"]
[WhiteTeam "Mongolia"]
[BlackTeam "Sri Lanka"]
[WhiteFideId "4900758"]
[BlackFideId "9904921"]
[EventDate "2016.03.28"]

1. d4 Nf6 2. Nf3 e6 3. Bf4 d5 4. e3 c5 5. c3 Nc6 6. Nbd2 Bd6 7. dxc5 Bxc5 8. Bd3
O-O 9. O-O Re8 10. Bg5 h6 11. Bh4 e5 12. e4 Be7 13. Re1 Nxe4 14. Bxe7 Qxe7 15.
Nxe4 dxe4 16. Bxe4 Qf6 17. Qb3 Re7 18. Rad1 Bf5 19. Bd5 Rae8 20. Re3 Bg4 21.
Rde1 h5 22. Bxc6 bxc6 23. Nxe5 Be6 24. Qb4 Rc7 25. h3 c5 26. Qa4 Rb8 27. b3 Qg5
28. h4 Qf6 29. Nf3 Bd7 30. Qa3 Rbc8 31. Ng5 Qc6 32. Qb2 g6 33. Nxf7 Qf6 34. Ng5
Bc6 35. Qc2 Qf5 36. Qe2 Rd8 37. Ne6 Rdd7 38. Nxc7 Rxc7 39. Re5 Qf6 40. Rxc5 Qxh4
41. Rxc6 Rg7 42. Qe8+ Kh7 43. Rc8 Kh6 44. Qh8+ Rh7 45. Qf8+ Rg7 46. Rc6 1-0

[Event "Asian Nations Cup w 2016"]
[Site "Abu Dhabi UAE"]
[Date "2016.04.04"]
[Round "8.3"]
[White "Wickramasinghe, Dilhara Ishini"]
[Black "Batchimeg, Tuvshintugs"]
[Result "0-1"]
[WhiteTitle "WFM"]
[BlackTitle "IM"]
[WhiteElo "1757"]
[BlackElo "2395"]
[WhiteTeam "Sri Lanka"]
[BlackTeam "Mongolia"]
[WhiteFideId "9906738"]
[BlackFideId "4900839"]
[EventDate "2016.03.28"]

1. d4 Nf6 2. c4 c5 3. d5 b5 4. Qc2 bxc4 5. e4 d6 6. Bxc4 g6 7. h3 Bg7 8. Nf3 O-O
9. O-O Ba6 10. Na3 Qb6 11. Re1 Nbd7 12. Rb1 Qb7 13. b3 Rab8 14. Bb2 Nb6 15. Nd2
Bh6 16. Bc3 Bxd2 17. Bxd2 Bxc4 18. bxc4 Qa6 19. Nb5 Rb7 20. Re3 Qa4 21. Qxa4
Nxa4 22. f3 Nd7 23. Reb3 Nab6 24. Na3 Rbb8 25. Rb5 Ra8 26. Rc1 f5 27. exf5 gxf5
28. Bf4 Kf7 29. Re1 Rg8 30. Rb2 Nf6 31. Rbe2 Rae8 32. Rc2 Rb8 33. Rce2 Rb7 34.
Rb1 Ne8 35. Reb2 Nc7 36. Nc2 Na6 37. a3 Rbb8 38. Ne3 Kf6 39. Rb5 Nc7 40. R5b2
Rbd8 41. Rd2 Rb8 42. Rdb2 Na6 43. Rb5 Na4 44. Nd1 Rb6 45. Bd2 Rgb8 46. Nc3 Rxb5
47. Rxb5 Nb6 48. Ra5 Nxc4 49. Rxa6 Nxd2 50. Rxa7 Rb3 51. Ne2 c4 52. a4 c3 53.
Rc7 Nb1 54. a5 Ra3 55. a6 Rxa6 56. Nxc3 Nxc3 57. Rxc3 Ra1+ 58. Kf2 Rd1 59. Ke2
Rxd5 60. f4 h5 61. Ke3 Rb5 62. Kf3 Rb4 63. Re3 h4 64. g3 e5 65. fxe5+ dxe5 66.
gxh4 Rxh4 67. Kg2 Rb4 68. Rf3 f4 69. h4 Kf5 70. Kh3 Rb1 71. Kg2 Kg4 72. Rf2 Kxh4
73. Kf3 Rb3+ 74. Ke4 Re3+ 75. Kf5 Kg3 76. Rf1 Kg2 77. Ra1 f3 78. Ra2+ Re2 0-1

[Event "Asian Nations Cup w 2016"]
[Site "Abu Dhabi UAE"]
[Date "2016.04.04"]
[Round "8.4"]
[White "Enkhtuul, Altan-Ulzii"]
[Black "Mendis, Dasuni Hansika"]
[Result "1-0"]
[WhiteTitle "WGM"]
[BlackTitle "WCM"]
[WhiteElo "2209"]
[BlackElo "1739"]
[WhiteTeam "Mongolia"]
[BlackTeam "Sri Lanka"]
[WhiteFideId "4901444"]
[BlackFideId "9907696"]
[EventDate "2016.03.28"]

1. Nf3 Nf6 2. d4 e6 3. g3 b6 4. Bg2 Bb7 5. O-O Be7 6. c4 d6 7. Bg5 Nbd7 8. Nc3
c5 9. d5 e5 10. Nh4 g6 11. Qc1 O-O 12. Bh6 Re8 13. Nf5 Nh5 14. Nxe7+ Qxe7 15. e4
Ng7 16. Nb5 Nf8 17. f4 a6 18. Nc3 Nd7 19. f5 f6 20. h4 Kh8 21. Kh2 Rg8 22. fxg6
hxg6 23. Bh3 Bc8 24. Rf3 Nf8 25. g4 Nh7 26. Qe1 Bd7 27. Qf2 Raf8 28. Rf1 Rf7 29.
Ne2 b5 30. cxb5 axb5 31. Ng3 Ne8 32. Bd2 Qd8 33. Ne2 Qc8 34. Rg1 Ng7 35. b4 c4
36. Nc3 Qb7 37. Qg3 Qc8 38. Qf2 Qb7 39. Qe3 g5 40. Qe1 Be8 41. Rgf1 Rgf8 42. Nd1
Qa7 43. a3 Kg8 44. Ne3 gxh4 45. Nf5 Nxf5 46. Rxf5 Bd7 47. Rh5 Qxa3 48. Rxh4 Ng5
49. Bg2 Nh7 50. Rf3 Qb2 51. Rfh3 Ra8 52. Bc1 Qb1 53. Qe3 Ra1 54. Bd2 Ng5 55.
Rh8+ Kg7 56. R8h5 Kf8 57. Qb6 Nxe4 58. Qd8+ Be8 59. Bh6+ Rg7 60. Bxg7+ Kxg7 61.
Qe7+ 1-0

[Event "Asian Nations Cup w 2016"]
[Site "Abu Dhabi UAE"]
[Date "2016.04.04"]
[Round "8.1"]
[White "Shaikha, Abdallah Aldhaheri"]
[Black "Harika, Dronavalli"]
[Result "0-1"]
[BlackTitle "GM"]
[WhiteElo "1587"]
[BlackElo "2515"]
[WhiteTeam "UAE - 2"]
[BlackTeam "India"]
[WhiteFideId "9305343"]
[BlackFideId "5015197"]
[EventDate "2016.03.28"]

1. d4 g6 2. Nf3 Nf6 3. c4 Bg7 4. g3 O-O 5. Bg2 d6 6. O-O Nbd7 7. Qc2 e5 8. Rd1
Qe7 9. e4 exd4 10. Nxd4 Re8 11. Nc3 Nc5 12. f3 c6 13. Bf4 Ncd7 14. Re1 Ne5 15.
b3 Nfd7 16. Rad1 Nc5 17. Be3 a5 18. h3 h5 19. f4 Ned7 20. Bf2 Nf8 21. Kh2 Be6
22. Nf3 Rad8 23. Bd4 Bxd4 24. Nxd4 Bc8 25. e5 h4 26. g4 dxe5 27. fxe5 Qc7 28.
Nf3 Nfd7 29. Nxh4 Nxe5 30. Kh1 Rxd1 31. Nxd1 Rd8 32. Nf2 Ned3 33. Nxd3 Nxd3 34.
Re3 Nf4 35. Be4 Qd6 36. Ng2 Qd4 37. Qf2 Nxh3 38. Qh4 Bxg4 39. Kh2 Qd6+ 40. Kh1
Qd4 41. Kh2 Qe5+ 42. Rg3 Ng5 43. Qxg4 Nxe4 0-1

[Event "Asian Nations Cup w 2016"]
[Site "Abu Dhabi UAE"]
[Date "2016.04.04"]
[Round "8.2"]
[White "Tania, Sachdev"]
[Black "Jehad, Aysha"]
[Result "1-0"]
[WhiteTitle "IM"]
[WhiteElo "2370"]
[BlackElo "1597"]
[WhiteTeam "India"]
[BlackTeam "UAE - 2"]
[WhiteFideId "5007844"]
[BlackFideId "9303286"]
[EventDate "2016.03.28"]

1. d4 d5 2. Nf3 Nf6 3. c4 dxc4 4. e3 e6 5. Bxc4 c5 6. O-O a6 7. Bb3 b5 8. a4 b4
9. e4 Bb7 10. e5 Nfd7 11. d5 exd5 12. Bxd5 Bxd5 13. Qxd5 Nb6 14. Qxd8+ Kxd8 15.
a5 N6d7 16. Nbd2 Nc6 17. Rd1 Kc7 18. Nc4 Rd8 19. Bf4 Kc8 20. Ng5 Be7 21. Nxf7
Rdf8 22. e6 Rxf7 23. exf7 Rf8 24. Bd6 Rxf7 25. Bxe7 Rxe7 26. Re1 Nde5 27. Rac1
Nd3 28. Rxe7 Nxe7 29. Rd1 Nf4 30. Nb6+ Kb8 31. Rd8+ 1-0

[Event "Asian Nations Cup w 2016"]
[Site "Abu Dhabi UAE"]
[Date "2016.04.04"]
[Round "8.3"]
[White "Al-Moaamari, Mozah"]
[Black "Soumya, Swaminathan"]
[Result "0-1"]
[BlackTitle "WGM"]
[WhiteElo "1607"]
[BlackElo "2384"]
[WhiteTeam "UAE - 2"]
[BlackTeam "India"]
[WhiteFideId "9307010"]
[BlackFideId "5016193"]
[EventDate "2016.03.28"]

1. c4 c6 2. Nc3 d5 3. cxd5 cxd5 4. d4 Nf6 5. Bg5 Nc6 6. e3 a6 7. Nf3 Ne4 8. Bf4
Nxc3 9. bxc3 g6 10. Bd3 Bg7 11. Qc2 Bg4 12. Ne5 Nxe5 13. Bxe5 Bxe5 14. dxe5 O-O
15. O-O Rc8 16. Rfc1 Rc5 17. Qb3 Qc7 18. f4 Rc8 19. Rab1 b5 20. Rc2 Rxc3 21.
Rxc3 Qxc3 22. Qxd5 Be6 23. Qd4 Bxa2 24. Ra1 Bd5 25. h3 Bb7 26. Rd1 e6 27. Bf1
Qxd4 28. exd4 Rc2 29. g4 b4 30. f5 b3 31. f6 b2 32. Rb1 Be4 0-1

[Event "Asian Nations Cup w 2016"]
[Site "Abu Dhabi UAE"]
[Date "2016.04.04"]
[Round "8.4"]
[White "Kulkarni, Bhakti"]
[Black "Bashaer, Khalil"]
[Result "1-0"]
[WhiteTitle "CM"]
[BlackTitle "WCM"]
[WhiteElo "2284"]
[BlackElo "1549"]
[WhiteTeam "India"]
[BlackTeam "UAE - 2"]
[WhiteFideId "5019516"]
[BlackFideId "9304843"]
[EventDate "2016.03.28"]

1. d4 d5 2. c4 e6 3. Nf3 Nf6 4. g3 g6 5. Bg2 Bg7 6. O-O O-O 7. Qc2 Nbd7 8. Rd1
c6 9. b3 Re8 10. Nc3 Nb6 11. Qd3 Qe7 12. a4 Nbd7 13. Ba3 Qd8 14. Rac1 Qb6 15. b4
a6 16. h3 dxc4 17. Qxc4 e5 18. Ng5 Rf8 19. d5 h6 20. Nge4 cxd5 21. Nxd5 Nxd5 22.
Qxd5 Re8 23. Nd6 Rf8 24. Nxc8 Raxc8 25. Rxc8 Rxc8 26. Qxd7 1-0

[Event "Asian Nations Cup w 2016"]
[Site "Abu Dhabi UAE"]
[Date "2016.04.04"]
[Round "8.1"]
[White "Khademalsharieh, Sarasadat"]
[Black "Saleh, Nora Mohd"]
[Result "1-0"]
[WhiteTitle "IM"]
[BlackTitle "WIM"]
[WhiteElo "2450"]
[BlackElo "1920"]
[WhiteTeam "Iran"]
[BlackTeam "UAE - 1"]
[WhiteFideId "12512214"]
[BlackFideId "9301607"]
[EventDate "2016.03.28"]

1. d4 Nf6 2. c4 e6 3. Nf3 d5 4. Nc3 c5 5. cxd5 Nxd5 6. e3 Nc6 7. Bd3 Be7 8. O-O
O-O 9. a3 cxd4 10. exd4 Bf6 11. Re1 g6 12. Be4 Nxc3 13. bxc3 Qc7 14. Bh6 Rd8 15.
Qc1 b6 16. Bf4 Qd7 17. Be5 Bxe5 18. dxe5 Bb7 19. Qh6 f5 20. exf6 Rf8 21. Bxg6 1-0

[Event "Asian Nations Cup w 2016"]
[Site "Abu Dhabi UAE"]
[Date "2016.04.04"]
[Round "8.2"]
[White "Al-Zarouni, Kholoud Essa"]
[Black "Hejazipour, Mitra"]
[Result "0-1"]
[WhiteTitle "WIM"]
[BlackTitle "WGM"]
[WhiteElo "1861"]
[BlackElo "2332"]
[WhiteTeam "UAE - 1"]
[BlackTeam "Iran"]
[WhiteFideId "9301194"]
[BlackFideId "12505951"]
[EventDate "2016.03.28"]

1. e4 c5 2. c3 Nf6 3. e5 Nd5 4. Nf3 e6 5. d4 cxd4 6. cxd4 b6 7. Bc4 Bb7 8. O-O
Be7 9. Bd2 Na6 10. Nc3 Nxc3 11. Bxc3 Nc7 12. Qe2 O-O 13. Rac1 b5 14. Bxb5 Bxf3
15. gxf3 Bg5 16. f4 Bxf4 17. Rc2 Qh4 18. f3 Nd5 19. Qe1 Qh5 20. Re2 d6 21. Bd2
dxe5 22. dxe5 Rab8 23. Bc4 Rxb2 24. Bxd5 Bxd2 25. Rxd2 Qg5+ 0-1

[Event "Asian Nations Cup w 2016"]
[Site "Abu Dhabi UAE"]
[Date "2016.04.04"]
[Round "8.3"]
[White "Zahedifar, Anahita"]
[Black "Abeer, Ali"]
[Result "1-0"]
[WhiteTitle "WFM"]
[BlackTitle "WCM"]
[WhiteElo "2112"]
[BlackElo "1644"]
[WhiteTeam "Iran"]
[BlackTeam "UAE - 1"]
[WhiteFideId "12560715"]
[BlackFideId "9302930"]
[EventDate "2016.03.28"]

1. c4 e5 2. Nc3 Nc6 3. Nf3 Bc5 4. e3 d6 5. d4 Bb6 6. c5 Ba5 7. Bb5 Bxc3+ 8. bxc3
Bd7 9. O-O Nge7 10. Ba3 dxc5 11. Bxc5 exd4 12. exd4 O-O 13. Re1 Re8 14. Ng5 Nd5
15. Qh5 Nf6 16. Qxf7+ Kh8 17. Qb3 Na5 18. Nf7+ 1-0

[Event "Asian Nations Cup w 2016"]
[Site "Abu Dhabi UAE"]
[Date "2016.04.04"]
[Round "8.4"]
[White "Wadima, Humaid S H AlKalbani"]
[Black "Alavi, Homa"]
[Result "0-1"]
[WhiteTitle "WFM"]
[WhiteElo "1629"]
[BlackElo "1974"]
[WhiteTeam "UAE - 1"]
[BlackTeam "Iran"]
[WhiteFideId "9304541"]
[BlackFideId "12507547"]
[EventDate "2016.03.28"]

1. e4 c5 2. Nf3 e6 3. d4 cxd4 4. Nxd4 a6 5. c4 Nf6 6. Nc3 Bb4 7. Qd3 Qc7 8. a3
Bxc3+ 9. Qxc3 Nxe4 10. Nb5 axb5 11. Qxg7 Rf8 12. Bh6 Qc5 13. f3 Nf6 14. Qxf6 Rg8
15. cxb5 d6 16. Rc1 Nd7 17. Rxc5 Nxf6 18. Rg5 e5 19. Bd3 Be6 20. Kf2 Kd7 21. Rd1
Ke7 22. Rc1 Kd7 23. Rxg8 Rxg8 24. Bd2 h5 25. a4 d5 26. b6 Rc8 27. Rxc8 Kxc8 28.
b4 Nd7 29. a5 f5 30. Be2 d4 31. h3 Nf6 32. g4 hxg4 33. hxg4 fxg4 34. fxg4 Nxg4+
35. Bxg4 Bxg4 36. b5 Bd7 37. a6 bxa6 38. bxa6 Bb5 39. a7 Bc6 40. Bb4 Kd7 41. Ke2
Ke6 42. Kd3 Kd5 43. Be7 e4+ 44. Ke2 Kc4 45. Bg5 Kc3 46. Ke1 Kd3 47. Bf4 e3 48.
Bh6 Ke4 49. Bg5 d3 50. Kd1 Kd4 51. Bf6+ Kc4 52. Ke1 Bf3 0-1

[Event "Asian Nations Cup w 2016"]
[Site "Abu Dhabi UAE"]
[Date "2016.04.05"]
[Round "9.1"]
[White "Saleh, Nora Mohd"]
[Black "Ju, Wenjun"]
[Result "0-1"]
[WhiteTitle "WIM"]
[BlackTitle "GM"]
[WhiteElo "1920"]
[BlackElo "2568"]
[WhiteTeam "UAE - 1"]
[BlackTeam "China"]
[WhiteFideId "9301607"]
[BlackFideId "8603006"]
[EventDate "2016.03.28"]
[EventType "team"]

1. d4 Nf6 2. c4 g6 3. Nc3 Bg7 4. e4 d6 5. Nf3 O-O 6. Be2 Na6 7. O-O e5 8. Be3
Ng4 9. Bg5 Qe8 10. Nd5 f6 11. Bh4 c6 12. Nc3 Nh6 13. d5 c5 14. Ne1 g5 15. Bg3 f5
16. f3 Qg6 17. Nd3 f4 18. Be1 g4 19. fxg4 Nxg4 20. Bd2 Bd7 21. Nf2 Nxf2 22. Rxf2
Bf6 23. Be1 Kh8 24. Bf3 Bh4 25. Rd2 Bxe1 26. Qxe1 Rf6 27. Kh1 Qg5 28. Qf2 Rg8
29. Ne2 Rh6 30. Ng1 Nc7 31. Be2 Ne8 32. Re1 Nf6 33. Bd1 Qg6 34. Bf3 Bg4 35. Qf1
Qg5 36. Rf2 Rh4 37. Ne2 Qh6 38. Qg1 Bxf3 39. Rxf3 Nxe4 0-1

[Event "Asian Nations Cup w 2016"]
[Site "Abu Dhabi UAE"]
[Date "2016.04.05"]
[Round "9.2"]
[White "Tan, Zhongyi"]
[Black "Al-Zarouni, Kholoud Essa"]
[Result "1-0"]
[WhiteTitle "WGM"]
[BlackTitle "WIM"]
[WhiteElo "2518"]
[BlackElo "1861"]
[WhiteTeam "China"]
[BlackTeam "UAE - 1"]
[WhiteFideId "8603642"]
[BlackFideId "9301194"]
[EventDate "2016.03.28"]
[EventType "team"]

1. d4 Nf6 2. c4 c5 3. Nf3 e6 4. Nc3 d5 5. cxd5 exd5 6. g3 Be6 7. Bg2 Nbd7 8. O-O
Be7 9. Ng5 cxd4 10. Nb5 Qb6 11. Nxd4 Nc5 12. Be3 h6 13. Ngxe6 fxe6 14. Qc2 Kf7
15. Bh3 Rhc8 16. Qb1 a5 17. Nxe6 Nfe4 18. Nxc5 Rxc5 19. Qd3 Qc6 20. Bxc5 Bxc5
21. Rad1 Rd8 22. Bg2 Nf6 23. e4 d4 24. Qc4+ Kf8 25. e5 Nd5 26. Rxd4 Bxd4 27.
Qxd4 Ke7 28. Rd1 Ke6 29. Bxd5+ Rxd5 30. Qxd5+ Qxd5 31. Rxd5 Kxd5 32. f4 g5 33.
Kf2 1-0

[Event "Asian Nations Cup w 2016"]
[Site "Abu Dhabi UAE"]
[Date "2016.04.05"]
[Round "9.3"]
[White "Wadima, Humaid S H AlKalbani"]
[Black "Lei, Tingjie"]
[Result "0-1"]
[WhiteTitle "WFM"]
[BlackTitle "WGM"]
[WhiteElo "1629"]
[BlackElo "2495"]
[WhiteTeam "UAE - 1"]
[BlackTeam "China"]
[WhiteFideId "9304541"]
[BlackFideId "8605114"]
[EventDate "2016.03.28"]
[EventType "team"]

1. e4 c5 2. Nf3 e6 3. d4 cxd4 4. Nxd4 Nc6 5. Nb5 d6 6. N1c3 a6 7. Na3 b5 8. Ncb1
Nf6 9. Bg5 Qa5+ 10. Bd2 Qc7 11. Bd3 Be7 12. O-O O-O 13. c4 Ne5 14. Qe2 Bb7 15.
f3 b4 16. Nc2 a5 17. Be3 Nxd3 18. Qxd3 d5 19. cxd5 Ba6 20. Qd2 Bxf1 21. Kxf1
exd5 22. exd5 Qxh2 23. a3 Qh1+ 24. Kf2 Rad8 25. Qe1 Qh4+ 26. Kf1 Nxd5 27. Nd2
Qh1+ 28. Ke2 Qxg2+ 29. Kd1 Bh4 30. Qg1 Nxe3+ 0-1